[Event "5th IECC"]
[Site "Antalya TUR"]
[Date "2004.05.15"]
[Round "1"]
[White "Markowski,T"]
[Black "Haznedaroglu,K"]
[Result "1-0"]
[WhiteElo "2605"]
[BlackElo "2395"]

1.g3 d5 2.Nf3 Bg4 3.Bg2 c6 4.O-O Nf6 5.d3 e6 6.c4 Nbd7 7.cxd5 exd5 8.Nc3 Bc5
9.Rb1 O-O 10.b4 Bd6 11.h3 Bxf3 12.Bxf3 Rc8 13.Bg2 Re8 14.e4 dxe4 15.dxe4 Be5
16.Ne2 Bc7 17.Qc2 Bb6 18.Rd1 Qe7 19.Nc3 a6 20.Bf4 Ne5 21.Na4 Ba7 22.Nc5 Nh5
23.Be3 Rcd8 24.Qc3 Bb8 25.Qb3 g5 26.Rxd8 Rxd8 27.Rd1 Rxd1+ 28.Qxd1 Ng7 29.Nxb7 Ne6
30.Nc5 Ba7 31.Qc1 Nxc5 32.bxc5 Nd3 33.Qd2 Nxc5 34.Bxg5 Nxe4 35.Bxe7 Nxd2
36.Bxc6 Bb6 37.Kg2 Nc4 38.Bf6 a5 39.f4  1-0

[Event "5th IECC"]
[Site "Antalya TUR"]
[Date "2004.05.15"]
[Round "1"]
[White "Anastasian,A"]
[Black "Mamedjarova,Z"]
[Result "1/2-1/2"]
[WhiteElo "2587"]
[BlackElo "2343"]

1.Nf3 d5 2.g3 Nf6 3.Bg2 e6 4.O-O Be7 5.d3 O-O 6.Nbd2 c5 7.e4 Nc6 8.Re1 Qc7
9.e5 Nd7 10.Qe2 b5 11.h4 Bb7 12.Nf1 Rae8 13.N1h2 f6 14.exf6 Bxf6 15.Ng4 Bd8
16.c3 e5 17.Bg5 Bxg5 18.Nxg5 Qd6 19.a4 b4 20.Ne3 Nf6 21.Qc2 h6 22.Nf3 Na5
23.Nd2 Rf7 24.Rac1 Qb6 25.cxb4 Qxb4 26.Qxc5 Qxd2 27.Nf1  1/2-1/2

[Event "7th United Insurance"]
[Site "Dhaka BAN"]
[Date "2004.05.15"]
[Round "11"]
[White "Visweswaran,K"]
[Black "Saptarshi,R"]
[Result "0-1"]
[WhiteElo "2299"]
[BlackElo "2356"]

1.Nf3 d5 2.g3 e6 3.Bg2 g6 4.O-O Bg7 5.d3 Ne7 6.Nbd2 O-O 7.e4 b6 8.Re1 Bb7
9.e5 c5 10.h4 Nd7 11.Nf1 Nc6 12.Bf4 f6 13.exf6 Qxf6 14.c3 e5 15.Bg5 Qf7 16.Qd2 Rae8
17.Rad1 Nf6 18.N3h2 d4 19.c4 Nd8 20.Bxb7 Nxb7 21.Bxf6 Bxf6 22.Qe2 e4 23.dxe4 Nd6
24.Nd2 d3 25.Qxd3 Bd4 26.Nhf3 Nxc4 27.Nxd4 Nxb2 28.Qb3 Nxd1 29.Qxf7+ Rxf7
30.Nb5 Rd8 31.Nc4 Nxf2 32.Ncd6 Rff8 33.e5 Nd3 34.Re3 Nxe5 35.Rxe5 a6  0-1

[Event "22nd LIE-Open"]
[Site "Triesen LIE"]
[Date "2004.05.15"]
[Round "2"]
[White "Weindl,A"]
[Black "Wallis,A"]
[Result "1-0"]
[WhiteElo "2351"]
[BlackElo "2136"]

1.Nf3 d5 2.g3 c6 3.Bg2 Nf6 4.O-O Nbd7 5.d3 e5 6.Nbd2 Bc5 7.e4 dxe4 8.dxe4 O-O
9.Qe2 Re8 10.Nb3 Bf8 11.Bd2 a5 12.a4 Qc7 13.Bc3 b6 14.Rfd1 Bb4 15.Bd2 Ba6
16.Qe1 Bxd2 17.Nfxd2 c5 18.Nf1 c4 19.Qc3 Rac8 20.Nbd2 Nc5 21.Ne3 Qc6 22.Qa3 Nfxe4
23.Nxe4 Nxe4 24.Nd5  1-0

[Event "Trofeo CBA"]
[Site "Milan ITA"]
[Date "2004.05.16"]
[Round "3"]
[White "Lanzani,M"]
[Black "Rombaldoni,D"]
[Result "1-0"]
[WhiteElo "2360"]
[BlackElo "2158"]

1.Nf3 d5 2.g3 Nf6 3.Bg2 Bf5 4.O-O Nbd7 5.c4 c6 6.cxd5 cxd5 7.d4 e6 8.Nc3 a6
9.Nh4 Bg6 10.Nxg6 hxg6 11.e4 dxe4 12.Nxe4 Nxe4 13.Bxe4 Qb6 14.Be3 Rd8 15.Qf3 Nf6
16.Bxb7 Nd5 17.Bxd5 Rxd5 18.Rac1 Qd8 19.Rc6 Rf5 20.Qe4 a5 21.Rfc1 Ke7 22.Rc7+ Kf6
23.h4 Qd5 24.Bg5+ Rxg5 25.hxg5+ Qxg5 26.Qe5+ Qxe5 27.dxe5+ Kxe5 28.Rc8  1-0

[Event "5th IECC"]
[Site "Antalya TUR"]
[Date "2004.05.17"]
[Round "3"]
[White "Markowski,T"]
[Black "Drabke,L"]
[Result "1-0"]
[WhiteElo "2605"]
[BlackElo "2453"]

1.g3 d5 2.Nf3 c6 3.Bg2 Bg4 4.O-O Nd7 5.d3 e6 6.c4 Bxf3 7.Bxf3 dxc4 8.dxc4 Ne5
9.Nd2 Bb4 10.Ne4 Qxd1 11.Rxd1 Nxf3+ 12.exf3 Nf6 13.Be3 Nxe4 14.fxe4 Ke7 15.Rd3 b6
16.Rb3 c5 17.a3 Ba5 18.Kf1 Rhd8 19.Ke2 Rd7 20.Rd3 a6 21.Rb1 Rxd3 22.Kxd3 b5
23.Bxc5+ Kd7 24.Bd4 g6 25.Rc1 Bc7 26.h3 h5 27.Rc2 Rd8 28.Bf6 Rb8 29.cxb5 Rxb5
30.Bd4 Bd6 31.Rc4 Bc7 32.Bc3 Kd6 33.b4 Kd7 34.Bd2 Bd6 35.Kc2 Rb7 36.a4 Rb6
37.Kb3 Rb7 38.Be3 Bc7 39.Bc5 Rb8 40.Rc3 Be5 41.Rd3+ Kc6 42.Kc4 Rb7 43.Rd8 Bb8
44.g4 hxg4 45.hxg4 Kc7 46.Rd6  1-0

[Event "Summer I"]
[Site "Alushta UKR"]
[Date "2004.05.18"]
[Round "8"]
[White "Derjabin,I"]
[Black "Pavlov,Ma"]
[Result "1/2-1/2"]
[WhiteElo "2391"]
[BlackElo "2451"]

1.Nf3 d5 2.g3 c6 3.Bg2 Nf6 4.O-O Bg4 5.c4 e6 6.d4 Nbd7 7.Nbd2 Be7 8.b3 O-O
9.Bb2 h6 10.Rc1 Re8 11.Re1 Bf8 12.Ne5 Bf5 13.h3 Bh7 14.g4 Bd6 15.a3 Qe7 16.Nxd7 Qxd7
17.e4 dxe4 18.Nxe4 Nxe4 19.Bxe4 Bxe4 20.Rxe4 Rad8  1/2-1/2

[Event "5th IECC"]
[Site "Antalya TUR"]
[Date "2004.05.18"]
[Round "4"]
[White "Minasian,Art"]
[Black "Smeets,J"]
[Result "1/2-1/2"]
[WhiteElo "2585"]
[BlackElo "2531"]

1.Nf3 d5 2.g3 c6 3.Bg2 Bg4 4.O-O Nd7 5.d3 e5 6.h3 Bh5 7.e4 dxe4 8.dxe4 Bc5
9.Nbd2 Ne7 10.Nc4 Qc7 11.Bd2 f6 12.b4 Bb6 13.a4 a6 14.a5 Ba7 15.Be3 Bxe3
16.Nd6+ Kf8 17.fxe3 Bxf3 18.Rxf3 Rd8 19.Rf2 Nc8 20.Nxc8 Rxc8 21.Qh5 Ke7 22.Bf1 Nf8
23.Bc4 Ng6 24.g4 c5 25.Rb1 cxb4 26.Rxb4 Qc5 27.Rxb7+ Rc7 28.Rxc7+ Qxc7 29.Bd5 Qxa5
30.Re2 Qa1+ 31.Kf2 Qh1 32.Qf5 Nh4 33.Qe6+ Kd8 34.Qd6+ Ke8 35.Qb8+ Ke7 36.Qb4+ Ke8
37.Qb8+ Ke7 38.Qc7+ Ke8 39.Qc8+ Ke7 40.Qe6+ Kd8 41.Qd6+ Ke8  1/2-1/2

[Event "29th Elekes Mem IM"]
[Site "Budapest HUN"]
[Date "2004.05.18"]
[Round "4"]
[White "Klimm,W"]
[Black "Benda,H"]
[Result "1/2-1/2"]
[WhiteElo "2278"]
[BlackElo "2283"]

1.Nf3 d5 2.g3 Nf6 3.Bg2 c6 4.O-O Bf5 5.b3 Nbd7 6.Bb2 e6 7.c4 h6 8.d3 Be7
9.Nbd2 O-O 10.Qc2 Bh7 11.Bc3 a5 12.a3 b5 13.cxb5 cxb5 14.Qb2 b4 15.axb4 axb4
16.Bd4 Qc7 17.Rfc1  1/2-1/2

[Event "22nd LIE-Open"]
[Site "Triesen LIE"]
[Date "2004.05.18"]
[Round "5"]
[White "Van der Weide,K"]
[Black "Ferrari,J"]
[Result "1-0"]
[WhiteElo "2460"]
[BlackElo "2242"]

1.Nf3 d5 2.g3 e6 3.Bg2 c5 4.O-O Nf6 5.d3 Nc6 6.Nbd2 g6 7.e4 dxe4 8.dxe4 Bg7
9.c3 O-O 10.Qe2 b6 11.Rd1 Qc7 12.Nf1 Bb7 13.Bf4 Qc8 14.b4 Nd7 15.Rac1 Nce5
16.Ne1 Rd8 17.Bg5 f6 18.Be3 Qc7 19.f4 Nf7 20.Qc4 Re8 21.Nd2  1-0

[Event "Capablanca Mem Elite"]
[Site "Havana CUB"]
[Date "2004.05.19"]
[Round "11"]
[White "Maiwald,JU"]
[Black "Morovic Fernandez,I"]
[Result "0-1"]
[WhiteElo "2543"]
[BlackElo "2583"]

1.Nf3 d5 2.g3 Bg4 3.Bg2 Nd7 4.d3 e6 5.O-O Bd6 6.Nbd2 Ne7 7.b3 O-O 8.Bb2 c6
9.e4 e5 10.Qe2 d4 11.h3 Bh5 12.h4 f6 13.c3 c5 14.Bh3 Nc6 15.Rfc1 Kh8 16.Qf1 Qe7
17.Bf5 Rfd8 18.Qh3 Nf8 19.cxd4 cxd4 20.Ne1 Bb4 21.Rc2 Bf7 22.h5 a5 23.Nc4 a4
24.bxa4 Bxe1 25.Rxe1 Rxa4 26.Nb6 Rxa2 27.Rec1 Qb4 28.Nd5 Bxd5 29.exd5 Rxb2
30.Rc4 Qd2 31.dxc6 Qxf2+ 32.Kh1 Qf3+ 33.Kg1 bxc6 34.Rxc6 Rdb8 35.Bg4 Qe3+
36.Kh1 Rb1  0-1

[Event "Capablanca Mem Mixto"]
[Site "Havana CUB"]
[Date "2004.05.19"]
[Round "13"]
[White "Frois,A"]
[Black "Esquivel,L"]
[Result "1-0"]
[WhiteElo "2340"]
[BlackElo "2314"]

1.Nf3 d5 2.g3 Nf6 3.Bg2 e6 4.O-O c5 5.d3 Be7 6.Nbd2 Nc6 7.e4 Qc7 8.Re1 O-O
9.Nf1 dxe4 10.dxe4 Rd8 11.Qe2 e5 12.c3 Qd6 13.Ne3 g6 14.Rd1 Qb8 15.Nd5 Bg4
16.Nxe7+ Nxe7 17.Bg5 Kg7 18.Qe3 Bxf3 19.Bxf3 Qc7 20.Bxf6+ Kxf6 21.Qh6 Rxd1+
22.Rxd1 Rd8 23.Qxh7 Rxd1+ 24.Bxd1 Qd8 25.Bf3 Qf8 26.Qh4+ Kg7 27.Qg5 f6 28.Qg4 b5
29.Qd7 c4 30.Bd1 a6 31.a4 Kh6 32.axb5 axb5 33.Bg4 f5 34.Bf3 Nc8 35.Qxb5  1-0

[Event "Hostan Open"]
[Site "Znojmo CZE"]
[Date "2004.05.19"]
[Round "5"]
[White "Jedlicka,A"]
[Black "Bartos,J"]
[Result "0-1"]
[WhiteElo "2323"]
[BlackElo "2208"]

1.Nf3 d5 2.g3 Nf6 3.Bg2 Bf5 4.O-O e6 5.d4 h6 6.c4 c6 7.Nc3 Nbd7 8.Qb3 Qb6
9.c5 Qxb3 10.axb3 Ne4 11.b4 Be7 12.Nd2 Nxd2 13.Bxd2 Bf6 14.Be3 e5 15.Rfd1 O-O
16.f3 a6 17.Bf2 exd4 18.Bxd4 Ne5 19.f4 Ng4 20.e4 dxe4 21.Nxe4 Bxe4 22.Bxe4 Rfe8
23.Bf3 Ne3 24.Bxf6 Nxd1 25.Bd4 Re1+ 26.Kg2 Ne3+ 27.Bxe3 Rxa1 28.Bd4 f6 29.h4 Rd8
30.Bc3 Rc1 31.Be4 Kf7 32.Kf3 Ke6 33.f5+ Ke7 34.g4 Rdd1 35.Ke3 Rg1 36.Bf3 Rc2
37.Kd4 Rh2 38.h5 Rf1  0-1

[Event "5th IECC"]
[Site "Antalya TUR"]
[Date "2004.05.20"]
[Round "5"]
[White "Markowski,T"]
[Black "Naiditsch,A"]
[Result "1/2-1/2"]
[WhiteElo "2605"]
[BlackElo "2571"]

1.g3 d5 2.Nf3 Nf6 3.Bg2 Bf5 4.O-O e6 5.c4 Nbd7 6.cxd5 exd5 7.Nc3 c6 8.d3 Be7
9.Qc2 O-O 10.e4 Bg4 11.h3 Bxf3 12.Bxf3 Ne5 13.Bg2 dxe4 14.dxe4 Qd3 15.Qb3 Nfd7
16.Be3 Nc5 17.Qd1 Rad8 18.Qh5 f6 19.Rab1 g6 20.Qh6 Qd7 21.Rfd1 Qe6 22.Bd4 Rd7
23.b3 Rfd8 24.Qe3 Ned3 25.Ne2 Nb4 26.Rd2 Nca6 27.Nf4 Qf7 28.Bf1 b5 29.e5 fxe5
30.Qxe5 Qf6 31.Qxf6 Bxf6 32.Bxf6 Rxd2 33.Bxd8 Rxd8 34.Rc1 Rd6 35.a3 g5 36.Ng2 Nd5
37.Ne1 Nac7 38.Bg2 Ne7 39.Nf3 Ne6 40.Kf1 Kg7 41.h4 h6 42.hxg5 hxg5 43.Bh3 Kf6
44.Re1 Nf5 45.b4 Nfd4 46.Nd2 Rd8 47.Ne4+ Kf7 48.Rc1 a5 49.Bxe6+ Nxe6 50.Rxc6 axb4
51.axb4 Rd1+ 52.Kg2 Rb1 53.Nd6+ Ke7 54.Nxb5 Rxb4 55.Nc3 Rd4 56.Ra6 Kf7 57.Nb5 Rb4
58.Nd6+ Ke7 59.Nf5+ Kf6 60.Ne3 Kf7 61.Ra7+ Kg6 62.Re7 Rb6 63.Kf3 Rd6 64.Ra7 Nd4+
65.Ke4 Nb5 66.Ra8 Re6+ 67.Kd3 Rf6 68.Ng4 Rd6+ 69.Ke3 Re6+ 70.Kf3 Nd4+ 71.Kg2 Kg7
72.Ne3 Rf6 73.Ra5 Kg6 74.Rd5 Nc6 75.Ng4 Re6 76.Kf3 Ne7 77.Ra5 Nc6 78.Rc5 Nd4+
79.Kg2 Rd6 80.Rc8 Kg7 81.Ne3 Rd7 82.Kh3 Rf7 83.Rc4 Ne6 84.Rc2 Rd7 85.Kg4 Kg6
86.Nf5 Rc7 87.Rxc7 Nxc7 88.Ne3 Ne6 89.Kf3 Nc5 90.Nc4 Kf5 91.Ke3 Ne6 92.f3 Nc7
93.g4+ Kf6 94.Ke4 Ne6 95.Kd5 Nf4+ 96.Kd6 Nd3 97.Nd2 Nf4 98.Ne4+ Kg6 99.Ke7 Nd3
100.Ke6 Nf4+ 101.Ke5 Nd3+ 102.Kd4 Nf4 103.Nc5 Kf6 104.Ke4 Ng6 105.Kd5 Nf4+
106.Kd6 Ne2  1/2-1/2

[Event "TCh-NED"]
[Site "Enschede NED"]
[Date "2004.05.20"]
[Round "1"]
[White "Carlier,B"]
[Black "Kroeze,F"]
[Result "0-1"]
[WhiteElo "2415"]
[BlackElo "2384"]

1.Nf3 d5 2.g3 Bg4 3.Bg2 Nd7 4.d4 c6 5.O-O e6 6.Nbd2 Ngf6 7.Re1 Be7 8.e4 dxe4
9.Nxe4 O-O 10.c3 Qb6 11.Ned2 Rad8 12.Nc4 Qa6 13.Qb3 Bf5 14.Bf1 Nb6 15.Nd6 Qxf1+
16.Kxf1 Bxd6 17.c4 c5 18.Be3 Ne4 19.dxc5 Bxc5 20.Kg2 Rc8 21.Rac1 Rfd8 22.Red1 h6
23.Rxd8+ Rxd8 24.Bxc5 Nxc5 25.Qa3 Nd3 26.Rc3 Be4 27.Kf1 Nxc4 28.Rxc4 Bxf3
29.Qe7 Rd5 30.Rc8+ Kh7 31.Rd8 Rc5 32.Qxc5 Nxc5 33.b4 Na4  0-1

[Event "ch-URU"]
[Site "Montevideo URU"]
[Date "2004.05.20"]
[Round "8"]
[White "Larrea,M"]
[Black "Carvalho,Gu"]
[Result "1/2-1/2"]
[WhiteElo "2224"]
[BlackElo "2172"]

1.Nf3 d5 2.g3 Nf6 3.Bg2 h6 4.O-O Bf5 5.d4 e6 6.c4 c6 7.Nc3 Nbd7 8.b3 Ne4
9.Nxe4 Bxe4 10.Bb2 Be7 11.cxd5 cxd5 12.Bh3 O-O 13.Qd2 Rc8 14.Rfc1 Qb6 15.Rxc8 Rxc8
16.Rc1 Rc6 17.Rxc6 Qxc6 18.Ne1 Bb1 19.Ba1 Qa6 20.a4 Qb6 21.Qb2 Bg6 22.Bf1 Qb4
23.Qc3 Nf6 24.f3 Bb1 25.Nd3 Qxc3 26.Bxc3 Bc2 27.Nc1 Ba3 28.Bd2 Bxc1 29.Bxc1 Bxb3
30.a5 Bc4 31.Kf2 Kf8 32.Ba3+ Ke8 33.Bc5 a6 34.g4 Kd7 35.h4 g6 36.Ke3 Ke8
37.Bd6 Nd7 38.Bf4 h5 39.gxh5 gxh5 40.Bc7 f6 41.Bg2 Kf7 42.Kd2 Nf8 43.e3 Ng6
44.Bg3 Ne7 45.Bc7 Nf5 46.Bh1 Nxh4 47.e4 f5 48.Kc3 Ke7 49.Kb4 Be2 50.exd5 exd5
51.Kc5 Kd7 52.Kb6 Kc8 53.Bg3 Nxf3 54.Bg2 Nxd4 55.Bxd5 Bf3 56.Bf7 Kd7 57.Be5 Nc6
58.Bg3 Ke7 59.Bg8 Kf6 60.Bb3 Nd4 61.Ba4 Kg5 62.Bd7 h4 63.Be5 Nc6 64.Bd6 h3
65.Bh2 Nb4 66.Bd6 Bg2 67.Bc8 Nc6 68.Bh2 Nxa5 69.Kxa5 f4 70.Kb4 f3 71.Bxb7 f2
72.Bxa6 Kg4 73.Kc3 Bb7 74.Be2+ Bf3 75.Bf1  1/2-1/2

[Event "2nd Leonine GM"]
[Site "Dhaka BAN"]
[Date "2004.05.21"]
[Round "4"]
[White "Rahman,Zia"]
[Black "Reefat,S"]
[Result "1-0"]
[WhiteElo "2493"]
[BlackElo "2472"]

1.Nf3 d5 2.g3 c6 3.Bg2 Bf5 4.b3 Nd7 5.Bb2 Ngf6 6.O-O h6 7.d3 e6 8.Nbd2 Bc5
9.e4 dxe4 10.dxe4 Bxe4 11.Nxe4 Nxe4 12.Bxg7 Rh7 13.Bb2 Qe7 14.Nd4 Nef6 15.a3 O-O-O
16.b4 Bb6 17.Qe2 h5 18.Rad1 h4 19.Nf5 Qf8 20.Nxh4 Nd5 21.Nf3 Qh6 22.c4 N5f6
23.h4 Rg8 24.Bd4 Qh5 25.b5 c5 26.Bb2 Bc7 27.Qd2 Qg4 28.Rfe1 Qxc4 29.Ng5 Rh5
30.Nxf7 Qxb5 31.Bxf6 Nxf6 32.Rb1  1-0

[Event "TCh-NED"]
[Site "Enschede NED"]
[Date "2004.05.21"]
[Round "2"]
[White "Hausrath,D"]
[Black "Van den Doel,E"]
[Result "0-1"]
[WhiteElo "2452"]
[BlackElo "2599"]

1.Nf3 d5 2.g3 Nf6 3.Bg2 e6 4.d4 b5 5.O-O Bb7 6.c3 a5 7.Bg5 Be7 8.Bxf6 Bxf6
9.e4 O-O 10.Re1 Nd7 11.Nbd2 c5 12.exd5 Bxd5 13.Ne4 Qc7 14.Nxf6+ Nxf6 15.a4 bxa4
16.dxc5 Rab8 17.Qxa4 Rxb2 18.Nd4 Bxg2 19.Kxg2 Qxc5 20.Qxa5 Qc8 21.Re2 Qb7+
22.Kg1 h6 23.Rxb2 Qxb2 24.Qa3 Qb7 25.Qb4 Qe4 26.Qd6 Rc8 27.Qa6 Rxc3 28.Qa8+ Qxa8
29.Rxa8+ Kh7 30.Ra2 g5 31.h3 h5 32.Kg2 g4 33.hxg4 hxg4 34.Ne2 Rc4 35.Ra7 Kg8
36.Nf4 Ne4 37.Ra2 Ng5 38.Kf1 Kg7 39.Ke2 Rc3 40.Nd3 Nf3 41.Ne1 Ng5 42.Ng2 Rb3
43.Ne3 f5 44.Rc2 Kf6 45.Ra2 Nf3 46.Nc4 Rc3 47.Ne3 Ke5 48.Ra6 Rb3 49.Nc2 Rb5
50.Kd3 Ng5 51.Ne3 Rb3+ 52.Ke2 Rb2+ 53.Kf1 Rb1+ 54.Ke2 Ne4 55.Rc6 Ng5 56.Ra6 Nf3
57.Ra4 Rb2+ 58.Kf1 Nd2+ 59.Ke1 Kf6 60.Ra6 Ne4 61.Nd5+ Kf7 62.Ra7+ Kg6 63.Ra6 Ng5
64.Nf4+ Kf6 65.Kf1 Rc2 66.Rb6 Ra2 67.Nd5+ Kf7 68.Rb7+ Ke8 69.Nc3 Rc2 70.Nd1 Ne4
71.Rb2 Rc6 72.Ke2 Ke7 73.Ne3 Kf6 74.Rb4 Ng5 75.Rf4 Nh3 76.Rc4 Ra6 77.Rc1 e5
78.Rc8 Ra2+ 79.Rc2 Ng1+ 80.Kd2 Nf3+ 81.Kc3 Ra6 82.Rb2 Nd4 83.Rb6+ Rxb6 84.Nd5+ Ke6
85.Nxb6 Nf3 86.Kd3 Ng5 87.Ke3 Nf3 88.Nc4 Kd5 89.Nb6+ Kc5 90.Nd7+ Kc4 91.Nb6+ Kc3
92.Nd5+ Kc2 93.Ne7 Nd4 94.Nd5 Kd1 95.Ne7 Ke1 96.Ng6 Nc2+ 97.Kd3 Nb4+ 98.Kc4 Nc6
99.Kd5 Kxf2 100.Kxc6 e4 101.Kd5 e3 102.Kd4 e2 103.Nf4 e1=Q 104.Nd3+ Kf1 105.Nxe1 Kxe1
106.Ke3 Kf1  0-1

[Event "5th IECC"]
[Site "Antalya TUR"]
[Date "2004.05.23"]
[Round "8"]
[White "Miroshnichenko,E"]
[Black "Halkias,S"]
[Result "1-0"]
[WhiteElo "2599"]
[BlackElo "2541"]

1.Nf3 d5 2.g3 c5 3.Bg2 Nc6 4.O-O e6 5.c4 Nf6 6.d4 Be7 7.dxc5 Bxc5 8.a3 O-O
9.Qc2 Bb6 10.b4 a5 11.c5 Bc7 12.b5 Ne7 13.a4 e5 14.Bg5 Bf5 15.Qc1 Rc8 16.Bxf6 gxf6
17.Nbd2 Ng6 18.Nb3 Kg7 19.Rd1 Be6 20.Qb2 Qd7 21.Rac1 Bd8 22.Ne1 f5 23.Qd2 e4
24.Nc2 h5 25.Ne3 Ne7 26.Qd4+ Kh7 27.f3 Qe8 28.f4 Rg8 29.Kf2 Qf8 30.Qf6 Rg6
31.Qc3 Qh6 32.Nxa5 Bc7 33.Nxb7 h4 34.Qd4 Bxf4 35.gxf4 Qxf4+ 36.Ke1 h3 37.Bxh3 Qh4+
38.Kd2 Qxh3 39.Rf1 Qh6 40.Nd6 Rd8 41.Kc3 f4 42.Nc2 Rxd6 43.cxd6 Nf5 44.Qe5 Qh3+
45.Kb4 d4 46.Nxd4 Nxd4 47.Qxd4 Qb3+ 48.Ka5 Rg8 49.Qxe4+ f5 50.Rc7+ Kg6 51.Rg1+ Kh5
52.Rh7+  1-0

[Event "57th ch-RUS Qualifier"]
[Site "Tomsk RUS"]
[Date "2004.05.23"]
[Round "1"]
[White "Maletin,P"]
[Black "Kornev,Alexe"]
[Result "0-1"]
[WhiteElo "2423"]
[BlackElo "2582"]

1.Nf3 d5 2.g3 c6 3.Bg2 Bg4 4.c4 e6 5.O-O Nf6 6.d3 Bd6 7.cxd5 cxd5 8.Qb3 Qd7
9.Nc3 Nc6 10.Nb5 Bb8 11.Be3 O-O 12.h3 Bh5 13.Rac1 Re8 14.Rfe1 h6 15.Nbd4 Nxd4
16.Bxd4 e5 17.Bc3 e4 18.dxe4 Nxe4 19.Rcd1 Bxf3 20.exf3 Nxc3 21.Rxe8+ Qxe8
22.bxc3 Bc7 23.f4 Bb6 24.Bxd5 Qe7 25.c4 Re8 26.Qf3 Qe2 27.Rf1 Qc2 28.f5 Re5
29.g4 Qxa2 30.f6 Qe2 31.fxg7 Qxf3 32.Bxf3 Re7 33.Rb1 Rc7 34.Rb5 Rxc4 35.Bxb7 Kxg7
36.Rf5 Rc7 37.Ba6 Rc6 38.Kg2 Rc3 39.h4 Bd8 40.g5 hxg5 41.hxg5 Kg6 42.Rd5 Bc7
43.Bd3+ Kg7 44.Rd7 Kf8 45.Kf3 a5 46.Ke4 a4 47.Kd4 Rc1 48.Kd5 a3 49.Bc4 Rxc4
50.Kxc4 a2 51.Rd1 Be5 52.f4 a1=Q 53.Rxa1 Bxa1 54.Kd5 Bb2 55.f5 Bc1 56.g6 f6
57.Ke6 Bg5 58.Kd7 Bh6 59.Ke6 Bg7 60.Kd5 Bh8 61.Ke6 Kg7  0-1

[Event "4NCL"]
[Site "West Bromwich ENG"]
[Date "2004.05.23"]
[Round "11"]
[White "Baruch,A"]
[Black "Houska,Jo"]
[Result "1/2-1/2"]
[WhiteElo "2106"]
[BlackElo "2370"]

1.Nf3 d5 2.g3 c6 3.Bg2 Nf6 4.O-O Bg4 5.d3 Nbd7 6.Nbd2 e5 7.h3 Bh5 8.e4 dxe4
9.dxe4 Bc5 10.Qe2 O-O 11.a4 Qe7 12.g4 Bg6 13.Nh4 Rfe8 14.Nc4 Nf8 15.Nf5 Qc7
16.c3 Ne6 17.Qf3 b5 18.axb5 cxb5 19.Na3 Rab8 20.Rd1 b4 21.cxb4 Rxb4 22.Be3 Bxe3
23.Qxe3 Rxb2 24.Nd6 Reb8 25.Nac4 R2b3 26.Qxa7 Qxa7 27.Rxa7 Nf4 28.Nxe5 Nxh3+
29.Bxh3 Rxh3 30.Nc6 Rf8 31.Kg2 Rc3 32.Ne7+ Kh8 33.f3 h5 34.e5 Nh7 35.e6 Rc2+
36.Kg1 Ng5 37.exf7 Nxf3+ 38.Kf1 Nh2+ 39.Kg1  1/2-1/2

[Event "5th IECC"]
[Site "Antalya TUR"]
[Date "2004.05.24"]
[Round "9"]
[White "Grunberg,M"]
[Black "Smeets,J"]
[Result "1/2-1/2"]
[WhiteElo "2401"]
[BlackElo "2531"]

1.Nf3 d5 2.g3 c6 3.Bg2 Bg4 4.c4 e6 5.cxd5 exd5 6.O-O Nf6 7.d3 Be7 8.Qc2 Nbd7
9.Nc3 O-O 10.e4 dxe4 11.dxe4 Bxf3 12.Bxf3 Ne5 13.Be2 Bc5 14.Kg2 Bd4 15.f4 Bxc3
16.Qxc3 Ned7 17.Bf3 Qe7 18.Re1 Nc5 19.Qa3 Rfe8 20.e5 Nd5 21.Rd1 Rad8 22.Bxd5 cxd5
23.Be3 b6 24.Rac1 f6 25.Bxc5 bxc5 26.Qxc5 fxe5 27.Qxe7 Rxe7 28.fxe5 Rxe5
29.Rd2 d4 30.Rcd1 Red5 31.Kf3 R5d7 32.Ke4 Re8+ 33.Kd3 g5 34.Re2 Rf8 35.Re5 h6
36.Rd2 Kg7 37.a4 Rc8 38.Rde2 Rcc7 39.h4 gxh4 40.gxh4 Rb7 41.h5 Kf6 42.Rc5 Rb3+
43.Kc4 Rh3 44.Rd2 d3 45.Kc3 Rg3 46.b4 Rh3 47.a5 Ke7 48.a6 Kd8 49.b5 Rc7 50.Rxc7 Kxc7
51.Rxd3 Rxh5 52.Kb4 Rh1 53.Rc3+ Kb8 54.Rg3 Rb1+ 55.Kc5 Rc1+ 56.Kd4 Rd1+ 57.Kc3 Rc1+
58.Kb3  1/2-1/2

[Event "57th ch-RUS Qualifier"]
[Site "St Petersburg RUS"]
[Date "2004.05.24"]
[Round "4"]
[White "Loginov,Va"]
[Black "Gleizerov,E"]
[Result "1/2-1/2"]
[WhiteElo "2516"]
[BlackElo "2592"]

1.Nf3 d5 2.g3 g6 3.Bg2 Bg7 4.d4 Nf6 5.c4 dxc4 6.Qa4+ Nfd7 7.Nbd2 c5 8.dxc5 Nc6
9.Nxc4 Nxc5 10.Qa3 Na6 11.Bd2 Qd5 12.Rc1 O-O 13.O-O Qb5 14.Bc3 Bh6 15.Bd2 Bg7
16.Bc3 Bh6 17.Bd2 Bg7  1/2-1/2

[Event "5th IECC"]
[Site "Antalya TUR"]
[Date "2004.05.27"]
[Round "11"]
[White "Izoria,Z"]
[Black "Haznedaroglu,K"]
[Result "1-0"]
[WhiteElo "2573"]
[BlackElo "2395"]

1.Nf3 d5 2.g3 c6 3.Bg2 Nf6 4.O-O Bg4 5.c4 e6 6.Qb3 Qb6 7.Qc2 Nbd7 8.d3 Be7
9.Nc3 O-O 10.b3 Rfe8 11.h3 Bxf3 12.Bxf3 Ne5 13.Bg2 Rad8 14.Bf4 Ng6 15.Na4 Qa5
16.Bd2 Qc7 17.Rfd1 h5 18.e3 d4 19.exd4 h4 20.g4 Rxd4 21.Be3 Rxg4 22.hxg4 Nxg4
23.Qe2 Qh2+ 24.Kf1 f5 25.Qf3 Bf6 26.d4 e5 27.Qxf5 Nxe3+ 28.fxe3 Rf8 29.Qh3 Bg5+
30.Ke2 Nf4+ 31.exf4 Qxf4 32.Qf3 Qh2 33.Rh1  1-0

[Event "Summer II"]
[Site "Alushta UKR"]
[Date "2004.05.28"]
[Round "8"]
[White "Derjabin,I"]
[Black "Itkis,B"]
[Result "1/2-1/2"]
[WhiteElo "2391"]
[BlackElo "2436"]

1.Nf3 d5 2.g3 c6 3.Bg2 Bg4 4.c4 e6 5.O-O Nd7 6.d4 Ngf6 7.Nc3 dxc4 8.h3 Bxf3
9.Bxf3 Be7 10.e4 e5 11.d5 Nb6 12.a4 a5 13.Be3 Nfd7 14.Qe2 Bc5 15.Rfd1 Qe7
16.Bg4 Bxe3 17.Qxe3 h5 18.Bxd7+ Nxd7 19.Rd2 O-O 20.Rad1 Nf6 21.Kg2 Rfd8 22.dxc6 bxc6
23.Qb6 Rxd2 24.Rxd2 Qe6 25.Rd8+ Rxd8 26.Qxd8+ Qe8 27.Qxa5 Qb8 28.Qa6 Qxb2
29.Qxc4 Qb6 30.Na2 Qb1 31.a5 Nxe4 32.a6 Qe1 33.Qf1  1/2-1/2

[Event "Summer II"]
[Site "Alushta UKR"]
[Date "2004.05.28"]
[Round "9"]
[White "Obukhov,A"]
[Black "Tishin,D"]
[Result "1/2-1/2"]
[WhiteElo "2475"]
[BlackElo "2372"]

1.Nf3 d5 2.g3 Nf6 3.Bg2 c6 4.O-O Bf5 5.c4 e6 6.cxd5 exd5 7.d3 Be7 8.Nd4 Bg6
9.Nc3 O-O 10.e4 dxe4 11.dxe4 Bc5 12.Be3 Qe7 13.Qc1 Rd8 14.Nb3 Bxe3 15.Qxe3 Na6
16.Rad1 Nd7 17.a3 f6 18.Na5 Nb6 19.Rfe1 Bf7 20.Bf1 Nc5 21.b4 Rxd1 22.Rxd1 Nb3
23.Nxb3 Bxb3 24.Rd4 Rd8 25.Nb5 Be6 26.Rxd8+ Qxd8 27.Nd4 Bf7 28.Nf5 Qd1 29.Kg2 Be6
30.Qf4 Bxf5 31.Qxf5 Qd6 32.h4 Qe5 33.Qf3 c5 34.Qe3 c4 35.f4 Qb2+ 36.Kf3 h6
37.e5 fxe5 38.fxe5 Qb3 39.Bh3 Kf7 40.Kf2 Qc2+ 41.Qe2 Qxe2+ 42.Kxe2 Nd5 43.Kd2 Ke7  1/2-1/2

[Event "5th IECC"]
[Site "Antalya TUR"]
[Date "2004.05.29"]
[Round "13"]
[White "Markowski,T"]
[Black "Yilmaz,T"]
[Result "1-0"]
[WhiteElo "2605"]
[BlackElo "2311"]

1.g3 d5 2.Nf3 c6 3.Bg2 Nf6 4.O-O Bf5 5.d3 e6 6.Nh4 Bg4 7.h3 Bh5 8.Qe1 Be7
9.f4 Nfd7 10.Nf3 Bg6 11.e4 Qb6+ 12.Kh2 dxe4 13.dxe4 f6 14.Nc3 Bf7 15.a3 h6
16.Be3 Qc7 17.Rd1 Nb6 18.e5 f5 19.Nd4 N8d7 20.Qe2 g6 21.Rd2 Kf8 22.Bf2 Kg7
23.Rfd1 Nf8 24.Nb1 a5 25.c4 a4 26.Nc3 Nbd7 27.Nc2 Nc5 28.Nb4 Nb3 29.Rd3 Nc5
30.Rd6 Nb3 31.c5 Bxd6 32.exd6 Qa5 33.d7 Qc7 34.Qd3 Rd8 35.Nxa4 e5 36.Qc3 Rxd7
37.Re1 Re7 38.Nd3 Qa5 39.Qxa5 Nxa5 40.Nxe5 Kg8 41.Nb6 Be6 42.b4 Nb3 43.a4 Nd2
44.a5 Ne4 45.Bd4 Rhh7 46.a6 bxa6 47.Nxc6 Re8 48.Ra1 Rc7 49.Ne5 Rd8 50.Be3 Nc3
51.Rxa6 Rd1 52.Ra8 Kg7 53.c6 Nh7 54.Re8 Bd5 55.Nxd5 Nxd5 56.Bxd5 Rxd5 57.Rb8 Nf6
58.b5 Rd6 59.Kg2 g5 60.Kf3 g4+ 61.hxg4 fxg4+ 62.Nxg4 Rd3 63.Ke2 Rd6 64.Ne5 Nd5
65.Kf3 Nc3 66.Bb6 Re7 67.Bc5 Rxe5 68.Bxd6 Rxb5 69.c7  1-0

[Event "XII Guillermo Garcia Prem II"]
[Site "Santa Clara CUB"]
[Date "2004.05.29"]
[Round "9"]
[White "Soppe,G"]
[Black "Vera,R"]
[Result "1-0"]
[WhiteElo "2421"]
[BlackElo "2444"]

1.Nf3 d5 2.g3 Bg4 3.Bg2 Nd7 4.c4 e6 5.cxd5 exd5 6.O-O c6 7.d3 Bd6 8.Nc3 Ne7
9.Qc2 O-O 10.h3 Bh5 11.e4 Rc8 12.Be3 Bb8 13.Ne2 c5 14.Nf4 Bxf4 15.Bxf4 dxe4
16.dxe4 Bxf3 17.Bxf3 Nc6 18.Bg2 Nd4 19.Qd1 Re8 20.Be3 Nf6 21.Rc1 Qb6 22.Bxd4 cxd4
23.Rxc8 Rxc8 24.Qd2 a5 25.Rd1 Rd8 26.e5 Ne8 27.Qc2 Nc7 28.Qc4 g6 29.Rd3 Ne6
30.Bd5 Rxd5 31.Qxd5 Qxb2 32.Rf3 Qc1+ 33.Kg2 Qc6 34.Qd6 Qxd6 35.exd6 b5 36.Rb3 b4
37.a3 bxa3 38.Rxa3 Kg7 39.Rxa5 Kf6 40.Rd5 h5 41.h4 Kg7 42.d7 Nd8 43.Rxd4  1-0

[Event "TCh-BIH"]
[Site "Neum BIH"]
[Date "2004.05.30"]
[Round "2"]
[White "Vukic,M"]
[Black "Jakovljevic,Vlado"]
[Result "1-0"]
[WhiteElo "2482"]
[BlackElo "2426"]

1.Nf3 d5 2.g3 g6 3.Bg2 Bg7 4.d4 Nf6 5.O-O O-O 6.Nbd2 Nc6 7.b3 e5 8.dxe5 Ng4
9.Bb2 Ngxe5 10.Qc1 Nxf3+ 11.Nxf3 Bg4 12.Rd1 Qe7 13.h3 Bxb2 14.Qxb2 Be6 15.Rd2 Rfd8
16.Rad1 Rd7 17.e3 Rad8 18.Ne1 a5 19.Kh2 h5 20.Kg1 Kh7 21.a3 Kg8 22.Kh2 Kh7
23.Qa1 Kg8 24.Nf3 f6 25.Ng1 Bf7 26.Qb2 Kg7 27.Ne2 Ne5 28.Nc3 Qc5 29.Ne2 Qe7
30.a4 Qb4 31.Qc3 Qb6 32.Kg1 c5 33.Qa1 Nc6 34.Kh2 Qc7 35.Qc3 Qb6 36.Qb2 Qc7
37.Kg1 Qb6 38.Qc3 Nb4 39.h4 Nc6 40.Qb2 Ne5 41.Qa1 Rd6 42.Nc3 d4 43.Nb5 R6d7
44.exd4 cxd4 45.Rxd4 Rxd4 46.Rxd4 Nc6 47.Bxc6 bxc6 48.Rd6 Rxd6 49.Nxd6 Qb4
50.Nxf7 Kxf7 51.Qd1 Qc5 52.Qd7+ Kf8 53.Qd3 Kg7 54.Kf1 g5 55.hxg5 fxg5 56.c3 Kf6
57.Qh7 g4 58.Qh6+ Kf7 59.Qd2 Qf5 60.b4 axb4 61.cxb4 c5 62.bxc5 Qxc5 63.Qa2+ Ke7
64.a5 Qb5+ 65.Kg1 Qa6 66.Qd2  1-0

[Event "Summer II"]
[Site "Alushta UKR"]
[Date "2004.05.31"]
[Round "12"]
[White "Derjabin,I"]
[Black "Hasangatin,R"]
[Result "0-1"]
[WhiteElo "2391"]
[BlackElo "2503"]

1.Nf3 d5 2.g3 g6 3.Bg2 Bg7 4.O-O e5 5.d3 Nc6 6.c3 a5 7.Nbd2 Nge7 8.e4 O-O
9.Re1 h6 10.Qc2 Be6 11.exd5 Bxd5 12.b3 g5 13.Bb2 Ng6 14.h3 Qd7 15.Rad1 Rad8
16.Kh2 f5 17.Ba3 Rf7 18.Nc4 g4 19.Ng1 Bxg2 20.Kxg2 h5 21.hxg4 hxg4 22.Qe2 b5
23.Nd2 Qxd3 24.Nf1 Qxe2 25.Rxd8+ Nxd8 26.Nxe2 f4 27.gxf4 exf4 28.Nd4 b4 29.Bb2 Rd7
30.Nf5 bxc3 31.Ba1 c2 32.Nxg7 Nh4+  0-1